I'm a Doctor, Not a _____ - Statistics

General Stats
  • This quiz has been taken 24 times
  • The average score is 4 of 10
Answer Stats
Answer % Correct
engineer
71%
mechanic
57%
scientist
57%
magician
38%
physicist
29%
bricklayer
24%
escalator
24%
psychiatrist
24%
torpedo technician
19%
coal miner
14%
No matching quizzes found
Score Distribution
Percent of People with Each Score
Percentile by Number Answered
Your Score History
You have not taken this quiz